000 00352 a2200169 4500
001 186551
020 _a978-85-08-15799-0
040 _cMagnum
100 _aMachado, Ana Maria
240 1 0 _aQuenco, o pato
_lpor
245 1 0 _aQuenco, o pato
300 _a24
362 0 _a2012
440 1 _aÁtica
697 _aLITERATURA INFANTO
942 _cBK
999 _c186551
_d186551